000 00776nam a22002417a 4500
001 62997
003 UA-OsUOA
005 20220516134448.0
007 ta
008 20090915b un ||||| |||| 00| 0 ukr d
040 _aUA-OsUOA
_brus
_cUA-OsUOA
_dUA-OsUOA
041 _arus
080 _a94(470+571)
090 _a94(470+571)
_bС56
245 _aСоветский Союз на международных конференциях периода Великой Отечественной войны 1941–1945
_bсборник документов
260 _aМ.
_c1978
300 _a420 с.
505 _gТ. 1
650 7 _a94 Історія
_2UDC
942 _cBK
_2udc
955 _a2
999 _c349089
_d349089